Štátny hrad Červený Kameň interiér hradných zbierok

Zobrazenie: pohľad do interéru barokovej siene

Bibliographic Details
Format: Postcard
Language:Slovak
PhysicalDescription:1 pohľadnica čiernobiela 15 x 11 cm
Published: [Bratislava] VPL 1964
Subjects:

MARC

LEADER 00000nkm a2200000 a 4500
001 vtls011700668
003 SK-MaSNL
005 20260512123516.0
007 kp bo
008 231206s1964 xo |g||||| |00 kuslo
015 |a SNBG 
040 |a SNK  |b slo  |c SNK  |e AACR2 
041 0 |a slo 
043 |a e-xo--- 
044 |a xo  |c SK 
080 |a 913(437.6)  |2 2011 
080 |a (084.121)  |2 2011 
080 |a 728.81  |2 2011 
080 |a 72.012.8  |2 2011 
245 0 0 |a Štátny hrad Červený Kameň  |h grafika  |b interiér hradných zbierok 
260 |a [Bratislava]  |b VPL  |c 1964 
300 |a 1 pohľadnica  |b čiernobiela  |c 15 x 11 cm 
520 8 |a Zobrazenie: pohľad do interéru barokovej siene 
610 2 7 |a Červený Kameň (Častá, Slovensko : hrad)  |2 SNKKA  |9 165952 
650 0 7 |a interiéry  |2 SNKPH  |9 2953 
655 7 |a miestne pohľadnice  |2 SNKPH  |9 70510 
655 7 |a pohľadnice kultúrnych pamiatok  |2 SNKPH  |9 70523 
852 |a SNK  |b KIS3GCP 
958 |a GC 
958 |a GBN 
958 |a OND 
999 |c 765458  |d 767388 
952 |a SNK  |b SNK  |y PREZ  |7 0  |p 17A1249481  |o snkSP 41454  |0 0  |1 0  |4 0  |d 2017-07-04  |f 1  |l 0  |r 2026-02-24 00:17:42  |w 2026-02-24 
952 |a SNK  |b SNK  |y PREZ  |7 0  |p 17A1248578  |o snkSP 41454 D1  |0 0  |1 0  |4 0  |d 2017-07-04  |l 0  |r 2026-02-24 00:17:42  |w 2026-02-24